000 00337nam a22001577a 4500
003 SGT
082 _a617.51
_bS15B
100 _aBHARGAVA, K.B.
245 _aA SHORT BOOK OF ENT DISEASES
250 _a10TH
260 _aMUMBAI
_bUSHA PUB
_c2015
300 _a478
650 _aHOMOEOPATHIC
653 _aENT,DISEASE
942 _2ddc
_cBK
999 _c18517
_d18517